| 000 | 00645nam a22001937a 4500 | ||
|---|---|---|---|
| 999 |
_c167431 _d167431 |
||
| 005 | 20190902155308.0 | ||
| 010 | _aUR-10422 | ||
| 020 |
_c50.00 _a8180882233 |
||
| 035 | _aU-8977 | ||
| 037 |
_bDBAD/PUB _a- |
||
| 082 | _a270 | ||
| 100 | _aسيد شو کت علی | ||
| 245 |
_aتقسيم مير ا ث _cسيد شو کت علی |
||
| 246 |
_bTaqseem Meraas (Urdu) _aby Syed Shaukat Ali |
||
| 260 |
_aNew Delhi _bMerkazi Maktaba Islami Publishers _c2014 ء |
||
| 270 |
_aD-307,Dawat Nagar,Abulfazal Enclave,Jamia Ngr. _bNew Delhi _e110025 _k26971652 _l- |
||
| 300 |
_a116 ص _c22 Cm(Hb) |
||
| 942 |
_2ddc _cUR _h270 _mس ی د |
||